Evaluación del Plan Nacional de desarrollo económico y social de Honduras (Record no. 61121)

MARC details
000 -LEADER
campo de control de longitud fija 00444nam a2200145 i 4500
001 - NÚMERO DE CONTROL
campo de control 61121
003 - IDENTIFICADOR DE NÚMERO DE CONTROL
campo de control ES-MaACL
007 - CAMPO FIJO DE DESCRIPCIÓN FÍSICA--INFORMACIÓN GENERAL
campo de control de longitud fija t|
008 - DATOS DE LONGITUD FIJA--INFORMACIÓN GENERAL
campo de control de longitud fija 031110s1966 xxu ||||1| spa d
245 00 - MENCIÓN DEL TÍTULO
Título Evaluación del Plan Nacional de desarrollo económico y social de Honduras
Resto del título : 1965-1969.
260 ## - PUBLICACIÓN, DISTRIBUCIÓN, ETC.
Lugar de publicación, distribución, etc. Washington :
Nombre del editor, distribuidor, etc. Unión Panamericana,
Fecha de publicación, distribución, etc. 1966.
300 ## - DESCRIPCIÓN FÍSICA
Extensión 368 p. ;
Dimensiones 27 cm.
500 ## - NOTA GENERAL
Nota general Ejemplar multicopista.
852 ## - LOCALIZACIÓN
Ubicación ES-MaACL
Número de control de estantería E-8254
Sublocalización o colección R.92807
Holdings
Estatus retirado Estado de pérdida Estado de daño No para préstamo Biblioteca de origen Biblioteca actual Ubicación en estantería Fecha de adquisición Fuente de adquisición Total de préstamos Signatura topográfica completa Código de barras Visto por última vez Precio de reemplazo Tipo de ítem Koha
        Biblioteca del Ateneo de Madrid Biblioteca del Ateneo de Madrid Depósito 2 17/01/2008     E-8254 1064094 23/02/2023 23/02/2023 Libro impreso